Регионална библиотека "Любен Каравелов" - Русе

Лазерна обработка на материалите (Запис номер 185793)

MARC детайли
000 -Лидер
Контролно поле с фиксирана дължина 01733nam a2200337 c 4500
003 - Код на организацията, давaща контролен номер
Контролно поле BLK
005 - Дата и час на последна редакция
Контролно поле 20180421000344.0
008 - Елементи от данни с фиксирана дължина
fixed length control field 180411b bul|||||r ||||||| ||bul||
010 ## - Наследен системен номер
LC control number KNG00194787000
040 ## - Източник на каталожния запис
Идентификатор на билиотеката - собственик на записа BLK
041 ## - Код за език
Код за езика на текст/звукозапис или на отделно заглавие Български
Код за езика КДБФ Български
080 ## - УДК
Текстов определител УДК Технология на металите. Металообработване. Общи въпроси
УДК код - определител по УДК 621.7/.9
УДК определител :621.375.826(035)
УДК - код + определител 621.7/.9:621.375.826(035)
100 1# - Редна дума - Автор
Автор Коваленко, Владимир Сергеевич
Авторска отговорност първи автор
R(LIN) 343923
139 ## - Редно поле
Редна дума Лазерна обработка на материалите
Авторски знак Лаз - Л 14
245 10 - Сведения за заглавието
Заглавие Лазерна обработка на материалите
Подзаглавни данни Справ.
Редно поле (дума) Владимир Сергеевич Коваленко; прев. от рус. Огнян Т. Терзиев.
257 ## - Страна на издаване
Страна на създаване/издаване Русия
260 ## - Област на издателските данни
-- София
Име на издателя, разпространителя и проч. Техника
Година на издаване 1988
Печатница Ямбол : Г. Димитров
300 ## - Физическа характеристика
Страници 184 с.
Илюстрации и др. с табл., сх., диагр.
Размери/Мащаб 22 см
380 ## - Жанр
Жанр Техника
500 ## - Общи забележки
Забележка Ориг. загл. Справочник по технологии лазерной обработки / В. С. Коваленко и др. - Други авт. : В. П. Котляров, Вл. П. Дятел, Л. Ф. Голофко, В. В. Романенко. - Без тир. - Библиогр. с. 178-182
650 #4 - Допълнително описание по предмет – тема
Основно описание – тема или топоним Металообработка - технология
9 (RLIN) 257255
650 #4 - Допълнително описание по предмет – тема
Основно описание – тема или топоним Лазери
9 (RLIN) 160100
653 ## - Ключова дума – ненормативна
Ключова дума материали
653 ## - Ключова дума – ненормативна
Ключова дума лазери
700 1# - Други автори (авторска отговорност)
Лично име Терзиев, Огнян Т.
Автороска отговорност (Описва отношението между автора и произведението) прев. от рус.
9 (RLIN) 343924
852 ## - Местоположение
Форматна сигнатура Цб 156146
856 4# - Електронен адрес и достъп
Електронен формат pdf - файл
Път до файла /url/
856 4# - Електронен адрес и достъп
Електронен формат pdf - файл
Път до файла /url/
942 ## - АРТИКУЛИ
Вид на библиотечния материал Книги
Скрит в OPAC Не
944 ## - СЪЗДАВАНЕ И РЕДАКЦИЯ на ЗАПИСА
Създаване/Редакция Създаване
Дата на регистрацията/редакция 31.10.2016
Служител, извършил регистрацията/редакцията Валя_Йорданова
944 ## - СЪЗДАВАНЕ И РЕДАКЦИЯ на ЗАПИСА
Създаване/Редакция Редакция
Дата на регистрацията/редакция 31.10.2016
Служител, извършил регистрацията/редакцията Валя_Йорданова
999 ## - СИСТЕМНИ КОНТРОЛНИ НОМЕРА
Koha biblionumber 185793
Koha biblioitemnumber 185793
Наличности
Код за отписване Код за изгубен артикул Източник на класификационната схема Код за повреда Коз за рестрикции Код за отдаване Артикулен № Име на библиотеката - собственик Име на библиотеката, в която се намира в момента Статус (Текущо местоположение) Дата на вписване в системата Местоположение - отдел Цена в лева Инвентарен номер Систематично азбучна сигнатура Баркод Номер на екземпляра Цена в евро Служебна бележка Служебен тип на артикула
  Не е изгубен Universal Decimal Classification Не е повреден без рестрикции ползва се в читалня 322525 Регионална библиотека "Любен Каравелов" Русе Регионална библиотека "Любен Каравелов" Русе Хранилище 1988-01-01 Хранилище 1.59 511141 Цб 156146 120000511141 1 0.81 Дост: Dp Вид: Д N: Сф Дата: 01.01.1988 Книги
Изтеглен Не е изгубен Universal Decimal Classification Не е повреден без рестрикции заемане за дома 322526 Регионална библиотека "Любен Каравелов" Русе Регионална библиотека "Любен Каравелов" Русе Заемна - подръчен фонд 1988-01-01 Заемна - подръчен фонд 1.59 512882 П 621.7/.9/К 71 512882 2 0.81 N: Сф Дата: 01.01.1988 Дата инв: 06.02.2018 Бележки инв: П2018 Книги
Vip Innovations Ltd, Rousse, Bulgaria 2025